| 000 | 00680nam a2200289Ia 4500 | ||
|---|---|---|---|
| 008 | 181129s9999 xx 000 0 und d | ||
| 020 | _a9780531259832 | ||
| 050 | _a937 | ||
| 050 | _bB473 2012 | ||
| 100 | _aBenoit, Peter | ||
| 245 | 4 | _aThe ancient world ancient Rome / | |
| 245 | 0 | _cby Peter Benoit. | |
| 260 | _aNew York, NY : | ||
| 260 | _bChildren's Press, | ||
| 260 | _c2012 | ||
| 300 | _a112 pages : | ||
| 300 | _bcolor illustrations ; | ||
| 300 | _c23cm. | ||
| 440 | _aThe ancient world. | ||
| 500 | _a1110L | ||
| 650 | _aRome -- | ||
| 650 | _aRome -- | ||
| 650 | _xCivilization. | ||
| 650 | _xHistory. | ||
| 700 | _aSeries. | ||
| 700 | _aTitle. | ||
| 999 |
_c360024 _d360024 |
||